000 00620nam a2200229Ia 4500
003 OSt
005 20220918221747.0
006 a|||||r|||| 00| 0
007 ta
008 220917b |||||||| |||| 00| 0 eng d
024 _a202,668
037 _cTextual
040 _aARTS
_cARTS
_beng
041 _2eng
_aeng
082 _aR:(S:43), P1
100 _aBechtel William Ed.
245 0 _aPhilosophy and the neurosciences
_b a reader
260 _aUSA
_bBlackwell Publishers
_c2001
300 _axiii, 482p
_ccm.
942 _hR:(S:43), P1
_cTEXL
_2CC
999 _c273525
_d273525